Objetivos de desarrollo sostenible Alineamientos y avance de empresas con presencia en Costa Rica /

Bibliographic Details
Main Author: Vq̕uez S., Roxana
Other Authors: Vq̕uez S., Irene
Format: eBook
Language:Spanish
Published: San Jos:̌ LEAD University, 2020
Subjects:
Online Access:Acceso restringido

MARC

LEADER 00000nam a22000007a 4500
005 20210419224228.0
007 cr|||| ||||
008 210419s2020 cr |||||s|||| 00||0 spa d
020 |a 978-9930-589-01-4 
035 |a 33167 
040 |a vLex 
090 |c 11473  |d 11473 
100 1 |a Vq̕uez S., Roxana 
245 1 0 |a Objetivos de desarrollo sostenible  |h [Recurso electrn̤ico] :  |b Alineamientos y avance de empresas con presencia en Costa Rica /  |c Roxana Vq̕uez S., Irene Vq̕uez S. 
256 |a Servicio en ln̕ea 
260 |a San Jos:̌  |b LEAD University,  |c 2020 
300 |a 1 recurso electrn̤ico 
500 |a El presente estudio ha sido una gestin̤ impulsada y liderada por LEAD UNIVERSITY, con la colaboracin̤ de Roxana Vq̕uez e Irene Vq̕uez, como investigadoras asociadas. Su principalidad finalidad fue la determinacin̤ del nivel de alineamiento y grado de avance de un grupo de grandes empresas con presencia en Costa Rica, con respecto a su aporte para el alcance de los Objetivos de Desarrollo Sostenible, incluidos en la agenda 2030 y aprobados por la ONU en el aǫ 2015. 
506 1 |a Disponible solo en los productos indicados  |d vLex Global  |d vLex Global (Academic Edition, excluding Law Schools)  |d vLex Global (U.S. Academic Edition, Law Schools)  |d vLex Global (U.S. Academic Edition, excluding Law Schools)  |d vLex Global (Academic Edition, Law Schools) 
650 0 4 |a Derecho Pb︢lico y Administrativo  |z Costa Rica 
700 1 |a Vq̕uez S., Irene 
740 0 |a vLex Libros (Servicio en ln̕ea) 
856 4 0 |u https://vlex.com/source/objetivos-de-desarrollo-sostenible-alineamientos-y-avance-de-empresas-con-presencia-en-costa-rica-33167  |z Acceso restringido 
942 |c BOOK 
999 0 |a Public and Administrative Law